000 00690nam a2200253 i 4500
001 C2-0121639
003 PPAK
005 20180727113234.0
008 970819s1994 my a|||| ||||| | may d
020 _a9838801518
040 _aPPAK
_beng
_cPPAK
_erda
082 0 4 _a899.233
_223
090 0 0 _a899.233
_blay
_dK
100 0 _aW.S. Uzala,
_eauthor
245 1 0 _aMemburu kesihatan
264 1 _aPetaling Jaya, Selangor :
_bEddiplex ,
_c1994
300 _a60 pages :
_billustrations ;
_c19 cm
336 _2rdacontent
_atext
337 _2rdamedia
_aunmediated
338 _2rdacarrier
_avolume
490 1 _aSiri mencapai wawasan
830 0 _aSiri mencapai wawasan
942 _ddc
_cB
999 _c34603
_d34603